| 000 | 00516nam a2200205Ia 4500 | ||
|---|---|---|---|
| 005 | 20240823023327.0 | ||
| 008 | 240823s9999||||xx |||||||||||||| ||und|| | ||
| 020 | _a978-0-07-058556-0 | ||
| 041 | _aENGLISH | ||
| 082 | _A650.0285 P7 | ||
| 100 | _aKamlesh K Bajaj | ||
| 245 | 0 | _aE - Commerce | |
| 250 | _a2nd | ||
| 260 |
_c2007 _b"Tata McGraw-Hill Publishing Company Limited,New " |
||
| 500 | _aYES | ||
| 650 |
_aE - Commerce _bManagement Studies |
||
| 700 | _a Debjani Nag | ||
| 942 | _cBK | ||
| 999 |
_c181275 _d181275 |
||